| 000 | 00761nam a22002417a 4500 | ||
|---|---|---|---|
| 005 | 20170124110122.0 | ||
| 010 | _aB-217244 | ||
| 020 |
_c350.00 _a9788185002606 |
||
| 035 | _aB-217244 | ||
| 037 | _bCen Lib/Ret | ||
| 040 |
_aDPL _bEN |
||
| 082 |
_a915.491 _bTIK |
||
| 100 |
_aTikekar, Maneesha _930764 |
||
| 245 |
_aAcross the wagah : _cby Maneesha Tikekar _ban Indian's sojourn in Pakistan / |
||
| 260 |
_aNew Delhi _bPromilla & Co.Publishers _c2004 |
||
| 270 |
_aC-127,Sarvodya Enclave _bNew Delhi _e110017 |
||
| 300 |
_a360p. _c21(pbk) |
||
| 500 | _aIncludes bibliographical reference and index | ||
| 650 |
_aPolitical science _930765 |
||
| 650 |
_aTravel _zPakistan _930766 |
||
| 700 | _930706 | ||
| 942 |
_2ddc _cEN _h915.491 _mTIK |
||
| 999 |
_c131079 _d131079 |
||